000 01395cam a2200373 a 4500
999 _c11225
_d11225
001 17594560
003 OSt
005 20191231153611.0
007 ta
008 111229s2012 ii a 000 0 eng d
010 _a 2013315226
016 7 _a016017602
_2Uk
020 _a9788125045090
020 _a8125045090
025 _aI-E-2013-315226; 79-91
035 _a(OCoLC)772499605
037 _aLibrary of Congress -- New Delhi Overseas Office
040 _aDKAGE
_beng
_coclc
_dOCLCQ
_dUKMGB
_dDLC
042 _alccopycat
_alcode
043 _aa-ii---
050 0 0 _aHB3717 2008
_b.A34 2012
082 0 4 _a330.90511
_223
_bACH/I
100 1 _aAcharya, Shankar N.
_9571
245 1 0 _aIndia After The Global Crisis /
_cShankar Acharya
260 _aNew Delhi :
_bOrient Blackswan,
_c2012.
300 _a 226 p
_bill. ;
_c20 cm.
505 0 _apt. 1. Global crisis aftermath -- pt. 2. Economic growth -- pt. 3. Reform and economic policies -- pt. 4. Employment and human development -- pt. 5. Budget and fiscal policies -- pt. 6. External sector policies -- pt. 7. General.
650 0 _aGlobal Financial Crisis, 2008-2009.
650 0 _aFinancial crises
_zindia.
651 0 _aIndia
_xEconomic policy
_y1991-
906 _a7
_bcbc
_ccopycat
_d3
_encip
_f20
_gy-gencatlg
942 _2ddc
_cBK
_h330.90511
_iACH/I
_k330.90511
_mACH/I